For Crown and country (Record no. 74139)

MARC details
000 -LEADER
fixed length control field 01114cab a2200241 4500
001 - CONTROL NUMBER
control field ABS67422
008 - FIXED-LENGTH DATA ELEMENTS--GENERAL INFORMATION
fixed length control field 040206n2004 000 0 eng u
035 ## - SYSTEM CONTROL NUMBER
System control number (Sirsi) u125077
100 ## - MAIN ENTRY--PERSONAL NAME
Personal name Castorina, G.
245 ## - TITLE STATEMENT
Title For Crown and country
260 ## - PUBLICATION, DISTRIBUTION, ETC.
Date of publication, distribution, etc. 2004
490 ## - SERIES STATEMENT
Series statement Estates Gazette
Volume/sequential designation (0405) 31 January 2004, 141(1)
520 ## - SUMMARY, ETC.
Summary, etc. Examines the latest position of some of the amendments to The Planning and Compulsory Purchase Bill which have a particular effect on Crown land. The general principle as it now stands is that development on or on behalf of the Crown on Crown land does not require planning permission. The new s292A now stipulates that the Crown can be treated like any other developer or landowner for the purposes of development control, and for the application of planning legislation.
590 ## - LOCAL NOTE (RLIN)
Local note ABS
650 ## - SUBJECT ADDED ENTRY--TOPICAL TERM
Topical term or geographic name entry element Compulsory purchase
9 (RLIN) 6228
650 ## - SUBJECT ADDED ENTRY--TOPICAL TERM
Topical term or geographic name entry element PLANNING
650 ## - SUBJECT ADDED ENTRY--TOPICAL TERM
Topical term or geographic name entry element PLANNING APPLICATIONS
650 ## - SUBJECT ADDED ENTRY--TOPICAL TERM
Topical term or geographic name entry element TOWN AND COUNTRY PLANNING ACT 1990
650 ## - SUBJECT ADDED ENTRY--TOPICAL TERM
Topical term or geographic name entry element CROWN IMMUNITY
650 ## - SUBJECT ADDED ENTRY--TOPICAL TERM
Topical term or geographic name entry element PLANNING AND COMPULSORY PURCHASE ACT 2004
690 ## - LOCAL SUBJECT ADDED ENTRY--TOPICAL TERM (OCLC, RLIN)
Topical term or geographic name as entry element CROWN LAND
942 ## - ADDED ENTRY ELEMENTS (KOHA)
Suppress in OPAC 0
Holdings
Withdrawn status Lost status Source of classification or shelving scheme Damaged status Not for loan Home library Current library Shelving location Date acquired Total Checkouts Full call number Barcode Date last seen Copy number Price effective from Koha item type
    Dewey Decimal Classification     London London Journal article 06/02/2004   ABS67422 125077-1001 06/08/2019 1 06/08/2019 Journal article